| 000 | 00812cam a22002532 4500 | ||
|---|---|---|---|
| 001 | 0000004935 | ||
| 005 | 20151217151946.0 | ||
| 008 | 070604s xx 000 0 eng d | ||
| 020 | _a0135335973 : | ||
| 040 |
_aKABU _cKABU |
||
| 050 | 0 |
_aRC454 _b.N49 1997 |
|
| 100 | 1 |
_aNevid, Jeffrey S. _@0000155911 |
|
| 245 | 1 | 0 |
_aAbnormal psychology in a changing world / _cJeffrey S. Nevid, Spencer A. Rathus, Beverly Greene. |
| 250 | _a3rd ed. | ||
| 260 |
_aUpper Saddle River, NJ : _bPrentice Hall, _c1997. |
||
| 300 | _axix, 682 p. | ||
| 650 | 0 |
_aPsychology, Pathological. _@0000155908 |
|
| 650 | 0 |
_aPsychiatry. _@0000155757 |
|
| 700 | 1 |
_aRathus, Spencer A. _@0000116473 |
|
| 700 | 1 |
_aGreene, Beverly. _@0000155912 |
|
| 908 | _a070604 | ||
| 950 | _@1 | ||
| 999 |
_c6736 _d6736 |
||